Introduction to the chemistry of life

Bibliographic Details
Main Authors: Berlow, Peter P. (Author), Burton, Donald J. (Author), Routh, Joseph I. (Author)
Format: Book
Published: Philadelphia : Saunders College Publishing , c1982
Series:Saunders golden sunburst series
Subjects:

MARC

LEADER 00000cam a2200000 7i4500
001 0000003676
005 20021118093000.0
008 021118n
020 |a 0030585163 
090 0 0 |a QD415   |b .B47 
100 0 |a Berlow, Peter P. ,   |e author 
245 0 0 |a Introduction to the chemistry of life   |c Peter P. Berlow, Donald J. Burton, Joseph I. Routh 
260 2 |a Philadelphia :   |b Saunders College Publishing ,   |c c1982 
300 |a xvi, 757 p., A1-A87 p. ; ;   |c 24 cm. 
440 0 0 |a Saunders golden sunburst series 
504 |a Includes index 
650 0 |a Biochemistry 
700 0 |a Burton, Donald J. ,   |e author 
700 0 |a Routh, Joseph I. ,   |e author 
999 |a 1000031134   |b Book   |c Close Access   |e Tembila Campus